Grover cleveland : The man and the statesman

保存先:
書誌詳細
第一著者: McElroy, Robert
フォーマット: 図書
言語:Undetermined
出版事項: New York Harper and Brothers Publishers 1923
タグ: タグ追加
タグなし, このレコードへの初めてのタグを付けませんか!
Thư viện lưu trữ: Trung tâm Học liệu Trường Đại học Cần Thơ
LEADER 00491nam a2200181Ia 4500
001 CTU_86045
008 210402s9999 xx 000 0 und d
082 |a 920.073 
082 |b M478/Vol.2 
100 |a McElroy, Robert 
245 0 |a Grover cleveland : 
245 4 |b The man and the statesman 
245 0 |c Robert McElroy 
260 |a New York 
260 |b Harper and Brothers Publishers 
260 |c 1923 
904 |i Trúc 
980 |a Trung tâm Học liệu Trường Đại học Cần Thơ